| 000 | 00560nam a22002057a 4500 | ||
|---|---|---|---|
| 005 | 20251108174709.0 | ||
| 008 | 250721s2003 xx 000 0 ara d | ||
| 020 | _a2721411128 | ||
| 082 | 1 | 4 | _aط/372.24/طرق |
| 245 | 1 | 0 | _aطرق النقل / |
| 250 | _aط.2. | ||
| 264 | 1 |
_aبيروت : _bدار المشرق، _c2003. |
|
| 300 | _a26 ص. | ||
| 490 | 0 | _aمجموعة نبيل و زينة | |
| 650 | 1 | 7 | _aالتعلم |
| 650 | 1 | 7 | _aالنقل |
| 653 | _aاطفال مرحله متوسطه (6-9)سنوات | ||
| 942 |
_2ddc _cBK |
||
| 999 |
_c115749 _d115749 |
||